Mythologie égyptienne - Statistiques

Statistiques générales
  • Ce quiz a été pris 451 fois
  • Le résultat moyen est 9 sur 33
Statistiques - réponses
Hint Réponse % Correct
Dieu à tête de chacal protecteur des morts Anubis
88%
Déesse de la magie Isis
81%
Frère de cette dernière, dieu et roi des morts Osiris
81%
Dieu à tête de faucon, roi des dieux Horus
75%
Dieu à tête de faucon du soleil
72%
Dieu du désert, du chaos et du mal Seth
63%
Déesse à tête de chat de la maternité Bastet
50%
Dieu à tête d’ibis de la sagesse, protecteur des scribes Thot
45%
Déesse à tête de lionne de la destruction Sekhmet
36%
Dieu à tête de crocodile de la fertilité Sobek
34%
Dieu créateur selon certaines traditions Amon
32%
Déesse à tête de vache de l’amour Hathor
31%
Déesse de la justice, dotée d’une plume Mâat
29%
Déesse du ciel Nout
26%
Serpent géant représentant le mal absolu Apophis
25%
Dieu de la terre Geb
24%
Femmes de ce dernier, déesse représentant les femmes Nephtys
21%
Créature a tête humaine et au corps de lion Sphinx
18%
Dieu momifié protecteur des artisans Ptah
14%
Taureau divin symbole de fertilité Apis
12%
Divinité représentée comme un disque solaire Aton
12%
Dieu à la peau bleue considéré comme le génie du Nil Hâpy
10%
Nain brandissant des couteaux pour faire peur aux esprits Bès
9%
Personnification du soleil, dieu à tête de scarabée Khépri
9%
Dieu à tête de bélier, considéré comme créateur parfois Khnoum
8%
Femme de ce dernier, deesse de l’humidité et de la chaleur Tefnout
8%
Autre personnification du soleil Atoum
7%
Dieu du souffle, de l’air et du vide Chou
7%
Créature à tête de crocodile, mi-hippopotame, mi-lion Ammout
5%
Femme de ce dernier, déesse vautour ou lionne Mout
5%
Fils de ce dernier, dieu de la lune Khonsou
4%
Déesse à l’apparence d’hippopotame de la fécondité Touéris
2%
Dieu à l’apparence de lion de l’immortalité Néfertoum
1%
Aucun quiz correspondant
Distribution des résultats
% des personnes avec chaque résultat
Percentile par nombre de réponses
Votre historique - résultats
Vous n’avez pas pris ce quiz